000
00298nam a2200133Ia 4500
008
191201s2011 xx 000 0 und d
100
_a
NASH, W.A
245
0
_a
Strength of Materials
250
_a
Rep
260
_a
N. Delhi
_b
TMH
_c
2011
300
_a
MISC
650
_a
B.Tech(CE)
942
_2
ddc
_c
BK
999
_c
5300
_d
5300